Les italiens en Ligue 1 (2020-2026) - Statistiques

Statistiques générales
  • Ce quiz a été pris 56 fois
  • Le résultat moyen est 6 sur 14
Statistiques - réponses
Nb de saisons Clubs Joueur % Correct
3 Paris SG (2020-2023) Marco Verratti
96%
4 Paris SG (2021-2025) Gianluigi Donnarumma
82%
1 Paris FC (2025-2026) Ciro Immobile
75%
1 Paris SG (2020-2021) Moise Kean
65%
1 Paris SG (2020-2021) Alesssandro Florenzi
59%
2 Lyon (2021-2022), Marseille (2025-2026) Emerson
59%
1 Lyon (2020-2021) Mattia De Sciglio
39%
1 Paris SG (2023-2024) Cher Ndour
25%
3 Monaco (2020-2021), Lorient (2022-2023), Lille (2023-2024) Vito Mannone
25%
1 Monaco (2020-2021) Pietro Pellegri
16%
1 Paris FC (2025-2026) Diego Coppola
12%
1 Paris FC (2025-2026) Luca Koleosho
10%
1 Nice (2022-2023) Mattia Viti
10%
1 Marseille (2024-2025) Luiz Felipe
2%
Aucun quiz correspondant
Distribution des résultats
% des personnes avec chaque résultat
Percentile par nombre de réponses
Votre historique - résultats
Vous n’avez pas pris ce quiz